000 00436cam a22001457a 4500
008 180718b2006 xxu||||| |||| 00| 0 eng d
082 _aG9 B225
100 _aBangia, R.K.
245 _aLaw of torts: including motor vehicle act and consumer protection act
_cby R.K. Bangia and Sandeep Bangia
250 _a19th ed.
260 _aFaridabad
_bAllahabad Law Agency
_c2006
300 _a684p.
650 _aLaw
700 _aBangia, Sandeep
999 _c407310
_d407310